|
|
|
|
| LEADER |
00000nam0a2200000 4500 |
| 001 |
181863 |
| 005 |
20231101223642.0 |
| 035 |
|
|
|a (RuTPU)RU\TPU\book\197134
|
| 090 |
|
|
|a 181863
|
| 100 |
|
|
|a 20100611d1978 km y0rusy50 ca
|
| 101 |
0 |
|
|a rus
|
| 102 |
|
|
|a UA
|
| 105 |
|
|
|a a z 001zy
|
| 200 |
1 |
|
|a Развитие исследований по термоэлектричеству в СССР
|f А. А. Буряк
|
| 210 |
|
|
|a Киев
|c Наукова думка
|d 1978
|
| 215 |
|
|
|a 136 с.
|c ил.
|
| 320 |
|
|
|a Библиогр.: с. 126-134
|
| 320 |
|
|
|a Условные обозначения: с. 135
|
| 606 |
1 |
|
|a Термоэлектричество
|x (физика)
|2 stltpush
|3 (RuTPU)RU\TPU\subj\59990
|9 77481
|
| 610 |
1 |
|
|a история
|
| 610 |
1 |
|
|a термоэлектрические материалы
|
| 610 |
1 |
|
|a свойства
|
| 610 |
1 |
|
|a исследование
|
| 610 |
1 |
|
|a термоэлектрические устройства
|
| 610 |
1 |
|
|a параметры
|
| 610 |
1 |
|
|a расчеты
|
| 610 |
1 |
|
|a создание
|
| 675 |
|
|
|a 537.32(09)
|v 4
|
| 700 |
|
1 |
|a Буряк
|b А. А.
|g Анатолий Андреевич
|
| 712 |
0 |
2 |
|a Академия наук Украинской ССР (АН УССР)
|c (1936-1991)
|2 stltpush
|3 (RuTPU)RU\TPU\col\332
|
| 801 |
|
1 |
|a RU
|b 63413507
|c 20100611
|
| 801 |
|
2 |
|a RU
|b 63413507
|c 20180302
|g RCR
|
| 942 |
|
|
|c BK
|